| 000 | 00821nam a2200253 a 4500 | ||
|---|---|---|---|
| 001 | BRCA_8506 | ||
| 005 | 20190320210319.0 | ||
| 008 | 210616s2015----gw-a######---#000-0#eng-# | ||
| 020 | _a9783777420639 | ||
| 041 | _aeng | ||
| 044 | _agw | ||
| 050 | 4 |
_aGN434 _b.I43 2015 |
|
| 245 | 1 | 0 |
_aImages Take Flight _bFeather Art in Mexico and Europe, 1400-1700 _cAlessandra Russo, Gerhard Wolf, Diana Fane. |
| 260 |
_aMúnich _bHirmer _c2015 |
||
| 300 |
_a480 p. _bil. a color _c31 cm. |
||
| 500 | _aIncluye lista de figuras | ||
| 500 | _aIncluye piezas de la colección Franz Mayer: p. [17], [100], [388] y 403 | ||
| 650 | 1 | 4 |
_aArte plumario _zMéxico _915715 |
| 650 | 1 | 4 |
_aArte plumario _zEuropa _915716 |
| 700 | 1 |
_aRusso, Alessandra _915717 |
|
| 700 | 1 |
_aWolf, Gerhard _915718 |
|
| 700 | 1 |
_aFane, Diana _9532 |
|
| 942 |
_2lcc _cB |
||
| 999 |
_c8172 _d8172 |
||